| 000 | 01225nam a2200325 i 4500 | ||
|---|---|---|---|
| 001 | bg | ||
| 245 | 1 | 0 |
_aWybrane zagadnienia z inżynierii środowiska : _bzaopatrzenie w wodę i gospodarka wodna, wentylacja / _c[red. działowy Bogdan Mizieliński, red. Teresa Woźniak]. |
| 260 |
_aWarszawa : _bOficyna Wydawnicza Politechniki Warszawskiej, _c2007. |
||
| 300 |
_a58 s. : _bil. ; _c24 cm. |
||
| 490 | 1 |
_aPrace Naukowe / Politechnika Warszawska. Inżynieria Środowiska, _x1234-4338 ; _vz. 50 |
|
| 500 | _aOpis wg okł. Odm. tyt. serii w nagł. : Prace Naukowe Politechniki Warszawskiej. | ||
| 504 | _aBibliogr. przy pracach. | ||
| 546 | _aStreszcz. ang. przy pracach. | ||
| 650 | 9 |
_aWoda _xzaopatrzenie |
|
| 650 | 9 |
_aWoda _xgospodarka |
|
| 650 | 9 |
_aGrunt _xbadanie |
|
| 650 | 9 | _aWentylacja | |
| 650 | 9 |
_aPrzepływ _xbadanie |
|
| 700 | 1 |
_aMizieliński, Bogdan. _eRed. |
|
| 700 | 1 |
_aWoźniak, Teresa. _eRed. |
|
| 830 | 0 |
_aPrace Naukowe - Politechnika Warszawska. _pInżynieria Środowiska, _x1234-4338 ; _vz. 50 |
|
| 020 | _a12344338 | ||
| 040 | _cBPK | ||
| 041 | 0 |
_apol _beng |
|
| 044 | _aPOL | ||
| 080 | _a628.1:697:624.131:532 | ||
| 942 | _cKS | ||
| 008 | s pl f |000 0 pol | ||
| 999 |
_c54178 _d54178 |
||
| 856 |
_uhttp://koha.tu.koszalin.pl/cgi-bin/koha/opac-detail.pl?biblionumber=54178 _yKatalog online BPK |
||